LIBRARY & INFORMATION CENTRE, KCAET, TAVANUR

ONLINE PUBLIC ACCESS CATALOGUE (OPAC)

Textbook of Heat and mass transfer (Record no. 14804)

MARC details
000 -LEADER
fixed length control field 00367nam a22001577a 4500
003 - CONTROL NUMBER IDENTIFIER
control field OSt
008 - FIXED-LENGTH DATA ELEMENTS--GENERAL INFORMATION
fixed length control field 230509b |||||||| |||| 00| 0 eng d
020 ## - INTERNATIONAL STANDARD BOOK NUMBER
ISBN 9788121926171
041 ## - LANGUAGE CODE
Language code of text/sound track or separate title eng
082 ## - DEWEY DECIMAL CLASSIFICATION NUMBER
Classification number 621.4022
Item number RAJ/TE
100 ## - MAIN ENTRY--AUTHOR NAME
Personal name Rajput, R.K
245 ## - TITLE STATEMENT
Title Textbook of Heat and mass transfer
260 ## - PUBLICATION, DISTRIBUTION, ETC. (IMPRINT)
Place of publication New Delhi
Name of publisher S.Chand
Year of publication 2016
300 ## - PHYSICAL DESCRIPTION
Number of Pages 919p
942 ## - ADDED ENTRY ELEMENTS (KOHA)
Koha item type Books
Holdings
Withdrawn status Lost status Damaged status Collection code Home library Current library Shelving location Date acquired Source of acquisition Cost, normal purchase price Full call number Accession Number Koha item type
        KAUAET KAUAET General Stacks 24/03/2017 Penta Book Distributors 775.00 621.4022 RAJ/HE 25141 Books
        KAUAET KAUAET General Stacks 24/03/2017 Penta Book Distributors 775.00 621.4022 RAJ/HE 25142 Books
      General Books KAUAET KAUAET Scheme 09/05/2023 Aman book stall , calicut 375.00 621.4022 RAJ/TE BB 654 Book Bank scheme for SC students
      General Books KAUAET KAUAET General Stacks 24/03/2023 Aman book stall, calicut 375.00 621.4022 RAJ/TE 26157 Books
free website counter